00807nam a2200205 i 4500001000700000003000900007005001700016008004100033080001700074100003800091245013300129260003400262300004000296490003100336700002400367830003900391852002600430999001900456952012600475188507ES-MaACL20250819063113.0181212s1962 sp |||| | spa d a86-293.8"19"1 aCruz, José Manuel de la916574413aEl tribunal de la historia : [de Poncio Pilato a la bomba atómica] /cJosé Manuel de la Cruz ; presentación de Manuel Riu. aBarcelona : bAymá, c1962. a198 p., [8] h. de lám. ; c19 cm.1 aVoz-imagen. Serie TV ; v21 aRiu, Manuel.9975011 aVoz-imagen. Serie TV ; v29225708 aES-MaACLjP-131-bis-2 c188507d188507 00104070aATENEOMbATENEOMcDEPO2d2018-12-12eSCl0oP-131-bis-2p1199426r2023-02-23 00:00:00w2023-02-23yMONOGRAFIA